000 00282nam a22001217a 4500
008 180806b xxu||||| |||| 00| 0 eng d
082 _a813.52
245 _aMusicianship in the Digital Age
_cThomson
260 _c2005
300 _a1
_fCD
440 _x1592009832
942 _2ddc
_cMX
999 _c46859
_d46859